000 00902nam a22002057a 4500
999 _c21340
_d21340
003 AR-CdUCM
008 190226b ||||| |||| 00| 0 spa d
040 _aMUNICIPALIDAD PROVINCIAL DEL CUSCO
_cBIBLIOTECA MUNICIPAL DEL CUSCO
082 _a353.98/D19
_bD19
_2Décima
100 _aDall'Orto Falconi, Augusto
_944499
245 _aLa reforma del Estado en el Perú /
260 _aLima ;
_bSerral,
_c2018.
300 _a136 Páginas. :
_c20 cm.
505 _aContenido: Duplicidad de competencias funcionales -- La visión del Estado que se necesita -- Bases para la reestructuración estatal -- Asignación de competencias funcionales a los niveles de gobierno -- Reformas específicas en el Estado -- Promoción y viabilidad del desarrollo descentralizado ...
650 _aEstado
_9738
650 _aReformas de Estado
_944500
650 _aPerú
_944501
942 _2ddc
_cLIBROS
945 _aRoel